000 01020nmc a2200397 a 4500
003 AR-BaBNM
005 20251128210759.0
008 071020s1996 ||||||||||||||000 | spa||
020 _a950-786-107-6
040 _cAR-BaBNM
245 1 0 _aElementos de sociología
260 _aBuenos Aires
_bBiblos
_c1996
300 0 _a322 p.
490 0 _aEstudios sociales
500 0 _aContiene referencias bibliográficas
600 0 4 _aTupac Amaru
_dca.1740-1782
600 0 4 _aPotosi
600 1 4 _aVargas, Getulio
650 4 _aMARXISMO
650 4 _aESTADO
650 4 _aESTRUCTURA SOCIAL
650 4 _aBUROCRACIA
650 4 _aTRABAJO
650 4 _aSINDICATOS
650 4 _aRELACIONES LABORALES
650 4 _aMOVILIDAD SOCIAL
650 4 _aTEORIA ECONOMICA
650 4 _aTEORIA POLITICA
650 4 _aSOCIOLOGIA POLITICA
651 4 _aUruguay
651 4 _aBrasil
700 1 _aDi Tella, Torcuato S.
_ecompilador
700 1 _aLucchini, Cristina
_ecompilador
942 _cBK
998 _cMarta
999 _c16874
_d16874